000 01047nam a2200301Ia 4500
001 63041
003 IT-RoPAU
008 130308s9999 xx 000 0 und d
040 _aIT-RoPAU
040 _cIT-RoPAU
041 _aITALIANO
100 _aLodi Enzo
100 _gCodice Aut. SPICS: 22255
245 _a"Cardinal Lercaro pioniere della riforma liturgica nell'opera ""Madonna della fiducia"" 1959-1973 (Il)"
245 _bAssisi 1956-1986: Il Movimento Liturgico tra riforma conciliare e Attese del Popolo di Dio
250 _a1a ed.
260 _aASSISI
260 _bCittadella
260 _c1987 [1° Ed.:1987 - Ed.Ling.Originale:1986]
300 _a"42 p. (prefazione: no ; testo: 42 [pagine: 289-330])"
500 _aMessa al Centro della Casa Famiglia dei Rdc Inserimento della Famiglia nella Chiesa locale dal Ministero Liturgico Celebrato al mistero Ecclesiale Vissuto
650 _aSTORIA DELLA LITURGIA
650 _eCodice materia Spics: 9158
942 _cBK
957 _71
999 _c63479
_d63479
999 _bSI
999 _g1